00227nam a2200085Ia 4500008004100000100001500041245004300056260003300099260000900132180219s9999 xx 000 0 und d aSharma R A 0aPsychology Of Learning And Development aVinay Rakheja R. Lall Meerut c2014